00548nam a22001817a 4500003000900000005001700009008003600026020001500062040002200077082001900099100002800118245008400146260004200230300002800272490001900300700002800319830001900347DO-SdBNP20171205132026.0171108b 1980||| |||| 00| 0 spa d a847080071X aBPMSUbspacBPMSU axxxxxxbxxxxxx1 aStevenson, Robert Louis13aLa isla del tesoro II /cRobert Louis Stevenson ; traducción Carlos Meyfrén aBarcelona :bLa Gaya Ciencia ,c1980. a210 p. :bil. ;c18 cm.1 aMoby Dickv1121 aMeyfrén, Carlos,etr. 0aMoby Dickn112